| 000 | 00328nam a22001097a 4500 | ||
|---|---|---|---|
| 082 | _a629.1323 PAN'W | ||
| 100 |
_aPANKHUST, R. C,HOLDER, D. W _956667 |
||
| 245 | _aWIND TUNNEL TECHNIQUES AN ACCOUNT OF EXPERIMENTAL METHODS IN LOW AND HIGH SPEED WIND TUNNELS | ||
| 260 |
_aLONDON _bSIR ISAAC _c1952 |
||
| 300 | _a702P | ||
| 942 | _cBK | ||
| 999 |
_c567041 _d567041 |
||